[Event "9th EUROPEAN  INDIVIDUAL  WOME"]
[Site "Plovdiv, Bulgaria"]
[Date "2008.04.26"]
[Round "6"]
[Board "1"]
[White "Khropova, Larisa"]
[Black "Marin, Irina Luiza"]
[Result "0-1"]
[WhiteElo "2069"]
[BlackElo "2182"]
[PlyCount "64"]
[EventDate "2008.04.21"]
[EventRounds "11"]
[EventCountry "BUL"]

1.b4 e6 2.Bb2 Nf6 3.a3 c5 4.b5 d5 5.e3 Bd6 6.f4 Nbd7 7.Nf3 Qe7 8.Be2 e5 9.g3 O-O
10.O-O Re8 11.Re1 b6 12.Nh4 g6 13.Ng2 Bb7 14.Bf3 Rac8 15.c4 Qe6 16.Qc2 Qh3
17.cxd5 exf4 18.exf4 {Diagram #} Bxf4 19.Nc3 Ne5 20.Rxe5 Bxe5 21.Rf1 Bd4+ 22.Kh1
Ng4 23.Bxg4 Qxg4 24.Rf4 Qh3 25.Ne3 Bxe3 26.dxe3 Rxe3 27.Qf2 Rce8 28.Ne4 R8xe4
29.Rxe4 Rxe4 30.Bc3 Bxd5 31.Kg1 f5 32.Qd2 Re1+

[Event "9th EUROPEAN  INDIVIDUAL  WOME"]
[Site "Plovdiv, Bulgaria"]
[Date "2008.04.27"]
[Round "7"]
[Board "1"]
[White "Cmilyte, Viktorija"]
[Black "Ushenina, Anna"]
[Result "1/2-1/2"]
[WhiteElo "2466"]
[BlackElo "2474"]
[PlyCount "79"]
[EventDate "2008.04.21"]
[EventRounds "11"]
[EventCountry "BUL"]

1.d4 d6 2.Nf3 g6 3.c4 Bg7 4.g3 Nf6 5.Bg2 O-O 6.O-O Nbd7 7.Nc3 e5 8.h3 exd4
9.Nxd4 Nb6 10.b3 c5 11.Nc2 Be6 12.Bb2 d5 13.Nxd5 Nfxd5 14.Bxg7 Kxg7 15.cxd5 Bxd5
16.e4 Bc6 17.Ne3 Qxd1 18.Rfxd1 Rad8 19.f4 f6 20.Kf2 Rfe8 21.Rxd8 Rxd8 22.Rd1
Rxd1 23.Nxd1 Kf7 24.Nc3 a5 25.Bf1 a4 26.Ke3 axb3 27.axb3 Bd7 28.Nb1 Ke7 29.h4
Nc8 30.e5 fxe5 31.fxe5 Nb6 32.Nc3 Be6 33.Bg2 Bxb3 34.Bxb7 h6 35.Ne4 Nd7 36.Kf4
Bc2 37.Bd5 Bd3 38.Bc6 c4 39.Nc3 g5+ 40.hxg5

[Event "9th EUROPEAN  INDIVIDUAL  WOME"]
[Site "Plovdiv, Bulgaria"]
[Date "2008.04.27"]
[Round "7"]
[Board "1"]
[White "Cramling, Pia"]
[Black "Kovalevskaya, Ekaterina"]
[Result "1-0"]
[WhiteElo "2539"]
[BlackElo "2421"]
[PlyCount "85"]
[EventDate "2008.04.21"]
[EventRounds "11"]
[EventCountry "BUL"]

1.d4 Nf6 2.Nf3 d5 3.c4 e6 4.Nc3 c5 5.cxd5 Nxd5 6.e4 Nxc3 7.bxc3 cxd4 8.cxd4 Bb4+
9.Bd2 Bxd2+ 10.Qxd2 O-O 11.Bc4 Nc6 12.O-O b6 13.Rad1 Bb7 14.Rfe1 Rc8 15.h4 Qf6
16.d5 Ne5 17.Nxe5 Qxe5 18.Bb3 exd5 19.exd5 Qd6 20.Re4 Rfe8 21.Qf4 Qxf4 22.Rxf4
Rf8 23.d6 Rcd8 24.Re1 Bc8 25.Rxf7 Rxf7 26.Re7 Bd7 27.Rxf7 Kh8 28.f3 g6 29.g4 h5
30.g5 Bf5 31.Rf6 Kg7 32.Rf7+ Kh8 33.Rf6 Kg7 34.Kf2 Rf8 35.Rxf8 Kxf8 36.Ke3 Ke8
37.Kd4 Kd7 38.Ke5 b5 39.Kd5 a5 40.Kc5 Bd3 41.Bd5 Bb1 42.Bc6+ Ke6 43.Be4

[Event "9th EUROPEAN  INDIVIDUAL  WOME"]
[Site "Plovdiv, Bulgaria"]
[Date "2008.04.27"]
[Round "7"]
[Board "1"]
[White "Muzychuk, Anna"]
[Black "Batsiashvili, Nino"]
[Result "1-0"]
[WhiteElo "2486"]
[BlackElo "2304"]
[PlyCount "265"]
[EventDate "2008.04.21"]
[EventRounds "11"]
[EventCountry "BUL"]

1.e4 c5 2.Nf3 d6 3.d4 cxd4 4.Nxd4 Nf6 5.Nc3 Nc6 6.Be2 e5 7.Nf3 h6 8.O-O Be6
9.Re1 Be7 10.Bf1 O-O 11.Nd5 Qd7 12.h3 Bd8 13.c4 Nh7 14.Bd3 f5 15.exf5 Bxf5
16.Bxf5 Rxf5 17.Be3 Ng5 18.Nxg5 Bxg5 19.Qg4 Qf7 20.Nc3 Rd8 21.Rad1 h5 22.Qe2
Bxe3 23.fxe3 Qg6 24.a3 Rf7 25.Qd3 Qxd3 26.Rxd3 Na5 27.c5 Rfd7 28.Rd5 dxc5
29.Rxe5 Nc4 30.Rxc5 Nxb2 31.Rxh5 Nc4 32.e4 Rd3 33.Nd5 Nb6 34.Nxb6 axb6 35.Rb5
R8d6 36.e5 Re6 37.a4 Rd4 38.a5 bxa5 39.Rxa5 Rd2 40.Ra8+ Kh7 41.Re4 Rd5 42.Rh4+
Rh6 43.Rb4 Rxe5 44.Rxb7 Re2 45.Rbb8 Rd6 46.Rh8+ Kg6 47.Ra4 Kf7 48.Ra7+ Re7
49.Ra2 Rde6 50.Raa8 Rb7 51.Kh2 Rb2 52.Ra7+ Re7 53.Ra4 Re6 54.Rc8 Rbe2 55.Rf4+
Kg6 56.Rh4 Re8 57.Rc5 R8e5 58.Rg4+ Kh7 59.Rc7 Re7 60.Rcc4 R7e6 61.Rc5 R6e5
62.Rc3 R5e3 63.Rcc4 Re6 64.Rg5 R6e5 65.Rh4+ Kg8 66.Rgg4 Re6 67.Kg1 Re1+ 68.Kf2
R1e2+ 69.Kg3 R6e3+ 70.Kh2 Re6 71.Rh5 R6e5 72.Rh6 Re6 73.Rxe6 Rxe6 74.Ra4 Re3
75.h4 Kf7 76.Ra5 g6 77.g3 Kf6 78.Kh3 Rb3 79.Ra4 Rc3 80.Kg4 Rc1 81.Ra6+ Kg7
82.Ra3 Kf6 83.Rf3+ Kg7 84.Kf4 Rc4+ 85.Ke5 Rc5+ 86.Kd4 Ra5 87.Ke4 Ra4+ 88.Ke5
Ra5+ 89.Kf4 Ra4+ 90.Kg5 Ra5+ 91.Kg4 Ra4+ 92.Kh3 Ra1 93.Rc3 Rh1+ 94.Kg2 Ra1 95.g4
Ra4 96.Kg3 Rb4 97.Rc7+ Kg8 98.Kf3 Ra4 99.Re7 Rb4 100.Re4 Rb3+ 101.Kf4 Kg7
102.Rc4 Rb7 103.Rc5 Ra7 104.Rd5 Ra4+ 105.Kg5 Ra7 106.Rd4 Ra5+ 107.Kf4 Ra7
108.Ke5 Re7+ 109.Kd6 Ra7 110.Ke6 Ra6+ 111.Ke5 Ra5+ 112.Rd5 Ra7 113.Ke6 Ra4
114.Rd7+ Kg8 115.g5 Rxh4 116.Kf6 Ra4 117.Rg7+ Kf8 118.Kxg6 Rg4 119.Ra7 Rg1
120.Ra8+ Ke7 121.Rg8 Rg2 122.Kh7 Rg3 123.g6 Kf6 124.Rf8+ Ke7 125.Rf4 Rh3+
126.Kg8 Rh2 127.g7 Rh1 128.Re4+ Kd7 129.Kf7 Rf1+ 130.Kg6 Rg1+ 131.Kf6 Kd6
132.Rd4+ Kc5 133.Rf4

[Event "9th EUROPEAN  INDIVIDUAL  WOME"]
[Site "Plovdiv, Bulgaria"]
[Date "2008.04.27"]
[Round "7"]
[Board "1"]
[White "Golubenko, Valentina"]
[Black "Lahno, Kateryna"]
[Result "0-1"]
[WhiteElo "2253"]
[BlackElo "2479"]
[PlyCount "114"]
[EventDate "2008.04.21"]
[EventRounds "11"]
[EventCountry "BUL"]

1.d4 Nf6 2.Nf3 g6 3.c4 Bg7 4.g3 d5 5.cxd5 Nxd5 6.Bg2 Nb6 7.O-O Nc6 8.e3 O-O
9.Nc3 Re8 10.Qe2 e5 11.dxe5 Nxe5 12.Nxe5 Bxe5 13.Rd1 Qe7 14.e4 Bg7 15.Be3 Be6
16.Rac1 c6 17.f4 Rad8 18.Qf2 Rxd1+ 19.Rxd1 Rd8 20.Rxd8+ Qxd8 21.e5 f6 22.exf6
Bxf6 23.Ne4 Qd1+ 24.Bf1 Bg7 25.Nc3 Qd7 26.Qc2 Nc4 27.Bf2 b6 28.Bg2 c5 29.b3 Na3
30.Qc1 c4 31.Ne4 cxb3 32.axb3 Nb5 33.b4 Nd4 34.Qe1 h6 35.Qb1 Bf5 36.Qa2+ Kh7
37.Qc4 Qa4 38.h3 Qd1+ 39.Qf1 Nf3+ 40.Bxf3 Qxf3 41.Nd6 Be6 42.Nb5 Bd5 43.Kh2 a5
44.bxa5 bxa5 45.Nc7 a4 46.Nxd5 Qxd5 47.Qc1 Qa2 48.Kg1 Qb3 49.f5 gxf5 50.Qf4 Qb1+
51.Kh2 a3 52.Qc7 Qd3 53.Qa7 Qc2 54.Qxa3 Qxf2+ 55.Kh1 h5 56.Qb3 h4 57.gxh4 Qf1+

[Event "9th EUROPEAN  INDIVIDUAL  WOME"]
[Site "Plovdiv, Bulgaria"]
[Date "2008.04.27"]
[Round "7"]
[Board "1"]
[White "Zhukova, Natalia"]
[Black "Pogonina, Natalija"]
[Result "1-0"]
[WhiteElo "2450"]
[BlackElo "2470"]
[PlyCount "123"]
[EventDate "2008.04.21"]
[EventRounds "11"]
[EventCountry "BUL"]

1.d4 Nf6 2.c4 c5 3.d5 b5 4.cxb5 a6 5.e3 g6 6.Nc3 Bg7 7.a4 O-O 8.e4 Bb7 9.Nf3 e6
10.Bc4 axb5 11.Bxb5 exd5 12.exd5 Re8+ 13.Be3 Na6 14.O-O Ne4 15.Qb3 Nd6 16.Rfd1
Rc8 17.Bf4 c4 18.Qc2 Nxb5 19.axb5 Nb4 20.Qd2 Bxc3 21.bxc3 Nxd5 22.Ra7 Nxf4
23.Qxf4 Bxf3 24.gxf3 Rc5 25.h4 Rf5 26.Qxc4 Rxf3 27.Raxd7 Qf6 28.Qd4 Qxd4
29.R1xd4 Rxc3 30.Rb4 Rb8 31.b6 Rc6 32.b7 Kg7 33.Kf1 h5 34.Ke2 Kf8 35.Rbd4 Kg7
36.Rb4 Kf8 37.Rf4 Re6+ 38.Kd3 Re7 39.Rxe7 Kxe7 40.Rb4 Kd6 41.Kd4 f6 42.Rb6+ Kc7
43.Rxf6 Kxb7 44.Rxg6 Rf8 45.Ke3 Re8+ 46.Kf4 Rf8+ 47.Kg5 Rxf2 48.Rd6 Kc7 49.Rd1
Rg2+ 50.Kxh5 Rg3 51.Kh6 Rg4 52.h5 Rg2 53.Kh7 Rg5 54.h6 Rg2 55.Kh8 Rg6 56.h7 Rg2
57.Ra1 Kd7 58.Ra8 Ke7 59.Rg8 Rf2 60.Kg7 Rg2+ 61.Kh6 Rh2+ 62.Kg6

[Event "9th EUROPEAN  INDIVIDUAL  WOME"]
[Site "Plovdiv, Bulgaria"]
[Date "2008.04.27"]
[Round "7"]
[Board "1"]
[White "Mkrtchian, Lilit"]
[Black "Javakhishvili, Lela"]
[Result "1/2-1/2"]
[WhiteElo "2413"]
[BlackElo "2466"]
[PlyCount "31"]
[EventDate "2008.04.21"]
[EventRounds "11"]
[EventCountry "BUL"]

1.e4 c5 2.Nf3 e6 3.d4 cxd4 4.Nxd4 a6 5.Bd3 Nf6 6.O-O Qc7 7.c4 Nc6 8.Nxc6 dxc6
9.Nc3 e5 10.Be3 Nd7 11.Rc1 Bc5 12.Qg4 g6 13.Bh6 Bf8 14.Bxf8 Kxf8 15.Qg3 Kg7
16.Na4

[Event "9th EUROPEAN  INDIVIDUAL  WOME"]
[Site "Plovdiv, Bulgaria"]
[Date "2008.04.27"]
[Round "7"]
[Board "1"]
[White "Socko, Monika"]
[Black "Houska, Jovanka"]
[Result "0-1"]
[WhiteElo "2505"]
[BlackElo "2390"]
[PlyCount "118"]
[EventDate "2008.04.21"]
[EventRounds "11"]
[EventCountry "BUL"]

1.d4 Nf6 2.c4 c5 3.d5 b5 4.cxb5 a6 5.bxa6 g6 6.Nc3 Bxa6 7.Nf3 d6 8.Nd2 Qa5 9.e4
Bxf1 10.Kxf1 Bg7 11.g3 Nbd7 12.Nc4 Qa6 13.Qe2 O-O 14.Kg2 Rfb8 15.Re1 Rb4 16.Na3
Ne5 17.Qxa6 Rxa6 18.Nab5 Nd3 19.Re2 Nd7 20.Rb1 Ra5 21.Bg5 Kf8 22.a4 c4 23.Rc2
N7c5 24.Bd2 Ra8 25.Na3 Rab8 26.a5 Nb3 27.Be3 Nxa5 28.Ne2 Rxb2 29.Rcxb2 Rxb2
30.Rxb2 Nxb2 31.Nc2 Nb3 32.f4 c3 33.Bd4 Nd1 34.Bxg7+ Kxg7 35.e5 dxe5 36.fxe5 Nd2
37.Ned4 Nc4 38.Kf3 Nxe5+ 39.Ke2 Nb2 40.Nc6 Kf6 41.Ke3 Na4 42.N6d4 Ng4+ 43.Kf4
Nxh2 44.g4 g5+ 45.Kg3 Nf1+ 46.Kg2 Nd2 47.Nf5 Nc4 48.Nfd4 Nab6 49.Kf3 Nxd5 50.Ke4
e6 51.Nc6 Nd2+ 52.Kd3 Nf3 53.Ke4 Nh2 54.Ne5 Kg7 55.Nd4 Nxg4 56.Nxg4 f5+ 57.Ke5
fxg4 58.Nxe6+ Kg6 59.Nd4 g3

[Event "9th EUROPEAN  INDIVIDUAL  WOME"]
[Site "Plovdiv, Bulgaria"]
[Date "2008.04.27"]
[Round "7"]
[Board "1"]
[White "Muzychuk, Mariya"]
[Black "Hoang, Thanh Trang"]
[Result "1/2-1/2"]
[WhiteElo "2387"]
[BlackElo "2477"]
[PlyCount "48"]
[EventDate "2008.04.21"]
[EventRounds "11"]
[EventCountry "BUL"]

1.e4 b6 2.d4 Bb7 3.Bd3 Nf6 4.Qe2 e6 5.f4 d5 6.e5 Nfd7 7.Nf3 c5 8.c3 Nc6 9.O-O
cxd4 10.Nxd4 Bc5 11.Be3 Qe7 12.Nd2 O-O 13.Rae1 Bxd4 14.Bxd4 Nc5 15.Rf3 Nxd4
16.cxd4 Nxd3 17.Qxd3 Rac8 18.Qa3 Qxa3 19.Rxa3 a5 20.Rb3 Rc6 21.Ree3 Rc1+ 22.Kf2
Rc2 23.Ke1 Rc1+ 24.Kf2 Rc2

[Event "9th EUROPEAN  INDIVIDUAL  WOME"]
[Site "Plovdiv, Bulgaria"]
[Date "2008.04.27"]
[Round "7"]
[Board "1"]
[White "Peng, Zhaoqin"]
[Black "Stepovaia, Tatiana"]
[Result "0-1"]
[WhiteElo "2455"]
[BlackElo "2378"]
[PlyCount "102"]
[EventDate "2008.04.21"]
[EventRounds "11"]
[EventCountry "BUL"]

1.d4 Nf6 2.c4 e6 3.Nf3 b6 4.Nc3 Bb7 5.Bg5 Bb4 6.Qb3 Qe7 7.Nd2 h6 8.Bxf6 gxf6
9.O-O-O Bxc3 10.Qxc3 c5 11.e3 Rg8 12.f3 Na6 13.Kb1 O-O-O 14.d5 d6 15.g4 Nc7
16.Ne4 Rg6 17.Qb3 b5 18.Nc3 b4 19.Ne2 Kb8 20.Nf4 Rg5 21.h4 Rgg8 22.Be2 Bc8 23.a3
a5 24.dxe6 fxe6 25.Qa4 Bd7 26.Qc2 Bc6 27.a4 d5 28.Rhf1 dxc4 29.Bxc4 Rxd1+
30.Qxd1 Rd8 31.Qc2 e5 32.Nh5 e4 33.f4 Na8 34.Rd1 Nb6 35.Rxd8+ Qxd8 36.Bb5 Bxb5
37.axb5 c4 38.Kc1 f5 39.gxf5 Qxh4 40.Qd1 Kc7 41.Ng7 a4 42.Ne6+ Kb7 43.Nc5+ Ka7
44.Nxe4 Qh3 45.Qg1 Qxf5 46.Qg7+ Qd7 47.Qxh6 Qxb5 48.Qg5 Nd5 49.Nf6 c3 50.bxc3
Qf1+ 51.Kb2 bxc3+

[Event "9th EUROPEAN  INDIVIDUAL  WOME"]
[Site "Plovdiv, Bulgaria"]
[Date "2008.04.27"]
[Round "7"]
[Board "1"]
[White "Repkova, Eva"]
[Black "Skripchenko, Almira"]
[Result "0-1"]
[WhiteElo "2381"]
[BlackElo "2443"]
[PlyCount "66"]
[EventDate "2008.04.21"]
[EventRounds "11"]
[EventCountry "BUL"]

1.e4 c5 2.b3 Nc6 3.Bb2 d6 4.f4 Nf6 5.Nc3 g6 6.Bb5 Bg7 7.Qf3 Bd7 8.Nge2 O-O
9.Bxc6 Bxc6 10.d3 d5 11.Nxd5 Nxd5 12.Bxg7 Kxg7 13.exd5 Bxd5 14.Qf2 Qa5+ 15.Kd1
Rad8 16.Kc1 Qa3+ 17.Kb1 b5 18.Nc3 Bc6 19.f5 c4 20.Rf1 cxd3 21.f6+ Kg8 22.fxe7
Qxe7 23.cxd3 Rxd3 24.Kc2 Rfd8 25.Rae1 Qb7 26.Nb1 Bxg2 27.Rg1 Be4 28.Kb2 f5
29.Qc5 b4 30.Qe5 Rd2+ {Diagram #} 31.Nxd2 Rxd2+ 32.Kc1 Rc2+ 33.Kb1 Re2+

[Event "9th EUROPEAN  INDIVIDUAL  WOME"]
[Site "Plovdiv, Bulgaria"]
[Date "2008.04.27"]
[Round "7"]
[Board "1"]
[White "Dembo, Yelena"]
[Black "Zimina, Olga"]
[Result "1-0"]
[WhiteElo "2429"]
[BlackElo "2363"]
[PlyCount "81"]
[EventDate "2008.04.21"]
[EventRounds "11"]
[EventCountry "BUL"]

1.e4 c6 2.d4 d5 3.e5 Bf5 4.Be3 e6 5.Nd2 Nd7 6.Ngf3 Bg6 7.Be2 Be7 8.O-O Nh6 9.Nb3
Nf5 10.Bd2 Qc7 11.Rc1 Bh5 12.h3 Bxf3 13.Bxf3 O-O 14.Bg4 Nb6 15.Bxf5 exf5 16.Qf3
Qd7 17.Rce1 Nc4 18.Bc1 Rfe8 19.Qg3 b6 20.c3 Qe6 21.Na1 Qg6 22.b3 Na3 23.Qd3 Nb5
24.f4 Qe6 25.Nc2 Qd7 26.Ne3 g6 27.g4 fxg4 28.hxg4 c5 29.f5 cxd4 30.cxd4 Bg5
31.a4 Bxe3+ 32.Bxe3 Nc7 33.Bg5 Rec8 34.Qh3 Ne8 35.Re2 Rc6 36.Rh2 h5 37.gxh5 gxf5
38.Rg2 Kh7 39.Qg3 Ng7 40.Bf6 {Diagram #} Ne6 41.Qd3

[Event "9th EUROPEAN  INDIVIDUAL  WOME"]
[Site "Plovdiv, Bulgaria"]
[Date "2008.04.27"]
[Round "7"]
[Board "1"]
[White "Matveeva, Svetlana"]
[Black "Voiska, Margarita"]
[Result "1/2-1/2"]
[WhiteElo "2420"]
[BlackElo "2339"]
[PlyCount "86"]
[EventDate "2008.04.21"]
[EventRounds "11"]
[EventCountry "BUL"]

1.d4 d5 2.c4 e5 3.e3 exd4 4.exd4 Nf6 5.Nf3 Bb4+ 6.Nc3 O-O 7.cxd5 Re8+ 8.Be2 Qe7
9.Bg5 Nbd7 10.a3 Bxc3+ 11.bxc3 h6 12.Bd2 Nxd5 13.c4 N5f6 14.h3 c5 15.Be3 Ne4
16.O-O Nc3 17.Qc2 Nxe2+ 18.Qxe2 b6 19.d5 Ba6 20.Rfc1 Nf6 21.Qc2 Qd7 22.a4 Ne4
23.Bf4 Qf5 24.Bh2 Qf6 25.Ra3 Nd6 26.Bxd6 Qxd6 27.Nh2 Re7 28.Nf1 Rae8 29.Ne3 Bc8
30.a5 f5 31.axb6 axb6 32.Ra8 f4 33.Rxc8 fxe3 34.Rxe8+ Rxe8 35.fxe3 Qg3 36.Rf1
Qxe3+ 37.Kh1 Rf8 38.Rxf8+ Kxf8 39.Qb1 Qf4 40.Qxb6 Qc1+ 41.Kh2 Qf4+ 42.Kg1 Qe3+
43.Kh2 Qf4+

[Event "9th EUROPEAN  INDIVIDUAL  WOME"]
[Site "Plovdiv, Bulgaria"]
[Date "2008.04.27"]
[Round "7"]
[Board "1"]
[White "Melia, Salome"]
[Black "Romanko, Marina"]
[Result "1-0"]
[WhiteElo "2413"]
[BlackElo "2325"]
[PlyCount "101"]
[EventDate "2008.04.21"]
[EventRounds "11"]
[EventCountry "BUL"]

1.e4 c5 2.Nf3 d6 3.d4 cxd4 4.Nxd4 Nf6 5.Nc3 a6 6.f3 e5 7.Nb3 Be6 8.Be3 Be7 9.Qd2
Nbd7 10.O-O-O O-O 11.g4 b5 12.g5 b4 13.Ne2 Ne8 14.f4 a5 15.f5 a4 16.Nbd4 exd4
17.Nxd4 b3 18.Kb1 bxc2+ 19.Nxc2 Bb3 20.axb3 axb3 21.Na3 Ne5 22.h4 Ra5 23.Qc3 Qa8
24.Bg2 Nc7 25.Qxc7 Rc8 26.Qxe7 Nc4 27.Bd4 Rxa3 28.bxa3 Nxa3+ 29.Kb2 Nc4+ 30.Kc3
Ne5+ 31.Kd2 Nc6 32.Qxd6 Nxd4 33.Qxd4 Rd8 34.Qxd8+ Qxd8+ 35.Ke2 Qb6 36.Rd3 h5
37.Rb1 b2 38.Rd2 Qc5 39.Rbxb2 Qg1 40.Bf1 Qg3 41.Kd1 Qf3+ 42.Be2 Qh1+ 43.Kc2
Qxe4+ 44.Kc1 Kh7 45.Bd3 Qe1+ 46.Kc2 f6 47.Rb8 Qxh4 48.g6+ Kh6 49.Rg2 Qa4+ 50.Kb1
Qd1+ 51.Kb2

[Event "9th EUROPEAN  INDIVIDUAL  WOME"]
[Site "Plovdiv, Bulgaria"]
[Date "2008.04.27"]
[Round "7"]
[Board "1"]
[White "Vasilevich, Tatjana"]
[Black "Zawadzka, Jolanta"]
[Result "1/2-1/2"]
[WhiteElo "2360"]
[BlackElo "2397"]
[PlyCount "51"]
[EventDate "2008.04.21"]
[EventRounds "11"]
[EventCountry "BUL"]

1.d4 Nf6 2.c4 g6 3.g3 Bg7 4.Bg2 d6 5.Nc3 O-O 6.h3 a6 7.e4 c6 8.Nge2 b5 9.cxb5
axb5 10.O-O Qb6 11.f4 b4 12.Na4 Qb5 13.b3 e5 14.Be3 Nbd7 15.Rc1 Bb7 16.Qc2 Rfe8
17.Rfd1 c5 18.dxc5 dxc5 19.g4 h6 20.Ng3 Rec8 21.Bf1 Qa5 22.Bc4 Ba6 23.Qd2 Bxc4
24.Rxc4 Nh7 25.Rdc1 Bf8 26.h4

[Event "9th EUROPEAN  INDIVIDUAL  WOME"]
[Site "Plovdiv, Bulgaria"]
[Date "2008.04.27"]
[Round "7"]
[Board "1"]
[White "Voicu, Carmen"]
[Black "Moser, Eva"]
[Result "0-1"]
[WhiteElo "2290"]
[BlackElo "2395"]
[PlyCount "86"]
[EventDate "2008.04.21"]
[EventRounds "11"]
[EventCountry "BUL"]

1.e4 e6 2.d3 d5 3.Qe2 Nf6 4.Nf3 b5 5.Bg5 Be7 6.Nbd2 O-O 7.g3 h6 8.Bf4 Nc6 9.e5
Nh5 10.d4 Nxf4 11.gxf4 f5 12.Qe3 b4 13.Rg1 a5 14.Be2 a4 15.Kf1 Bd7 16.Ne1 Kh8
17.Nd3 Rg8 18.Nf3 Na5 19.Ng5 Rf8 20.Qh3 Nc6 21.c3 a3 22.b3 bxc3 23.Bh5 Nxd4
24.Nf7+ Rxf7 25.Bxf7 Qf8 26.Bh5 c5 27.Rc1 Nb5 28.Ne1 d4 29.Be2 Nc7 30.Bc4 Bc6
31.Rg6 Qf7 32.Rg3 Nd5 33.Nd3 Nb6 34.Ke2 Nxc4 35.bxc4 Rb8 36.Rgg1 Rb2+ 37.Nxb2
axb2 {Diagram #} 38.Rcf1 c2 39.f3 Qe8 40.Kd3 c1=Q 41.Rxc1 bxc1=Q 42.Rxc1 Qa8
43.Rb1 Be4+

[Event "9th EUROPEAN  INDIVIDUAL  WOME"]
[Site "Plovdiv, Bulgaria"]
[Date "2008.04.27"]
[Round "7"]
[Board "1"]
[White "Ovod, Evgenija"]
[Black "Benderac, Ana"]
[Result "0-1"]
[WhiteElo "2437"]
[BlackElo "2334"]
[PlyCount "114"]
[EventDate "2008.04.21"]
[EventRounds "11"]
[EventCountry "BUL"]

1.d4 f5 2.c4 Nf6 3.Nc3 e6 4.Qc2 d5 5.Nf3 c6 6.Bf4 Be7 7.e3 O-O 8.Bd3 Bd7 9.h3
Na6 10.a3 Ne4 11.g4 Qa5 12.Ke2 Rac8 13.Ne5 Be8 14.b4 Qd8 15.Nd1 Bh4 16.f3 Ng3+
17.Bxg3 Bxg3 18.gxf5 Bxe5 19.dxe5 Bh5 20.Rg1 exf5 21.Bxf5 Rc7 22.Bg4 Qh4 23.cxd5
cxd5 24.Qd3 Kh8 25.Qxd5 Rc2+ 26.Kd3 Rc7 27.Qb3 Bxg4 28.hxg4 Rd8+ 29.Ke4 Qh6
30.e6 Rc6 31.f4 Rxe6+ 32.Kf3 Qh3+ 33.Rg3 Qh1+ 34.Rg2 Red6 35.Kg3 Qe1+ 36.Kf3
Qf1+ 37.Rf2 Qh1+ 38.Kg3 Rxd1 39.Rxd1 Qxd1 40.Qf7 Qg1+ 41.Kf3 Qh1+ 42.Kg3 Qe4
43.Rf3 Nb8 44.g5 Nc6 45.Qxb7 h5 46.Qc7 h4+ 47.Kg4 Rd1 48.Qc8+ Nd8 49.g6 Rd6
50.Rh3 Rxg6+ 51.Kxh4 Rh6+ 52.Kg3 Qxe3+ 53.Kg2 Qxh3+ 54.Qxh3 Rxh3 55.Kxh3 Ne6
56.Kg4 Nd4 57.a4 Kg8

[Event "9th EUROPEAN  INDIVIDUAL  WOME"]
[Site "Plovdiv, Bulgaria"]
[Date "2008.04.27"]
[Round "7"]
[Board "1"]
[White "Nemcova, Katerina"]
[Black "Bojkovic, Natasa"]
[Result "1-0"]
[WhiteElo "2344"]
[BlackElo "2434"]
[PlyCount "81"]
[EventDate "2008.04.21"]
[EventRounds "11"]
[EventCountry "BUL"]

1.e4 c5 2.Nf3 e6 3.d4 cxd4 4.Nxd4 a6 5.Bd3 Nf6 6.O-O d6 7.c4 b6 8.Nc3 Bb7 9.Qe2
Nbd7 10.f4 Be7 11.b3 O-O 12.Bb2 Qc7 13.Rad1 Rfe8 14.Kh1 Bf8 15.Nf3 g6 16.Bb1
Rad8 17.Ng5 Bg7 18.Na4 h6 {Diagram #} 19.Nxf7 Kxf7 20.e5 Nh5 21.Rxd6 Nf8 22.Rxb6
Rd7 23.c5 Bc6 24.Nc3 Red8 25.Bc1 Kg8 26.b4 Rf7 27.Be4 Bxe4 28.Nxe4 Rd4 29.Bb2
Rd5 30.g3 Nd7 31.Rxe6 Qb7 32.c6 Qxb4 33.c7 Rf8 34.Rxg6 Nxe5 35.Bxe5 Rxe5 36.c8=Q
Rxe4 37.Qxf8+ Kxf8 38.Qxh5 Qc4 39.Rd1 Re8 40.Qf5+ Kg8 41.Rxg7+

[Event "9th EUROPEAN  INDIVIDUAL  WOME"]
[Site "Plovdiv, Bulgaria"]
[Date "2008.04.27"]
[Round "7"]
[Board "1"]
[White "Vajda, Szidonia"]
[Black "Majdan, Joanna"]
[Result "1-0"]
[WhiteElo "2413"]
[BlackElo "2338"]
[PlyCount "61"]
[EventDate "2008.04.21"]
[EventRounds "11"]
[EventCountry "BUL"]

1.e4 c5 2.c3 d5 3.exd5 Qxd5 4.d4 e5 5.dxe5 Qxd1+ 6.Kxd1 Nc6 7.f4 Bg4+ 8.Be2
O-O-O+ 9.Nd2 Bd7 10.Ngf3 f6 11.Re1 g5 12.fxg5 fxe5 13.Bd3 Nge7 14.Kc2 Ng6 15.Nc4
b5 16.Ne3 Nce7 17.Be4 Bg7 18.h4 Nf4 19.g3 Nh5 20.Rg1 Rhf8 21.g4 Nf4 22.Bd2 Nh3
23.Rgf1 Rf4 24.Bxh7 Bxg4 25.Nxg4 Rxg4 26.Rh1 e4 27.Ne1 Rxh4 28.Bxe4 Rxe4 29.Rxh3
c4 30.Nf3 Re2 31.Rd1 {.....}

[Event "9th EUROPEAN  INDIVIDUAL  WOME"]
[Site "Plovdiv, Bulgaria"]
[Date "2008.04.27"]
[Round "7"]
[Board "1"]
[White "Rajlich, Iweta"]
[Black "Demina, Julia"]
[Result "1-0"]
[WhiteElo "2411"]
[BlackElo "2337"]
[PlyCount "107"]
[EventDate "2008.04.21"]
[EventRounds "11"]
[EventCountry "BUL"]

1.d4 Nf6 2.c4 e6 3.Nc3 Bb4 4.Qc2 c5 5.dxc5 Bxc5 6.Nf3 Qb6 7.e3 Qc7 8.g4 h6 9.Rg1
Nc6 10.a3 a6 11.g5 hxg5 12.Rxg5 Bf8 13.b4 d6 14.Bb2 Ne5 15.Nxe5 dxe5 16.O-O-O
Nd7 17.c5 Rxh2 18.Ne4 Rh1 19.Kb1 f5 20.Ng3 Rh6 21.e4 f4 22.Nh5 Kf7 {Diagram #}
23.Rxd7+ Qxd7 24.Bxe5 a5 25.Bc4 axb4 26.Rf5+ Kg8 {Diagram #} 27.Rxf8+ Kxf8
28.Bxg7+ Qxg7 29.Nxg7 Rh1+ 30.Ka2 Rxa3+ 31.Kb2 Kxg7 32.Qd2 Rah3 33.Qxf4 R1h2
34.e5 Rh6 35.Bd3 Bd7 36.Qg5+ Kf7 37.Bg6+ Rxg6 38.Qf4+ Kg7 39.Qxh2 Bc6 40.Kb3 Rg4
41.f4 Kg6 42.Qc2+ Kg7 43.Qd2 Kg6 44.Qd3+ Kg7 45.Qh3 Bd5+ 46.Ka4 Rg2 47.Kxb4 Rb2+
48.Ka5 Rb3 49.Qg4+ Kf7 50.f5 exf5 51.Qxf5+ Ke8 52.e6 Ra3+ 53.Kb4 Rb3+ 54.Ka4

[Event "9th EUROPEAN  INDIVIDUAL  WOME"]
[Site "Plovdiv, Bulgaria"]
[Date "2008.04.27"]
[Round "7"]
[Board "1"]
[White "Gara, Anita"]
[Black "Atalik, Ekaterina"]
[Result "0-1"]
[WhiteElo "2331"]
[BlackElo "2409"]
[PlyCount "134"]
[EventDate "2008.04.21"]
[EventRounds "11"]
[EventCountry "BUL"]

1.e4 e5 2.Nf3 Nc6 3.Bb5 a6 4.Ba4 Nf6 5.Bxc6 dxc6 6.d3 Nd7 7.Nbd2 Be7 8.Nc4 f6
9.O-O Nf8 10.d4 exd4 11.Nxd4 g6 12.f4 Bg4 13.Nf3 Qxd1 14.Rxd1 Nd7 15.Kf2 O-O-O
16.Ne3 Be6 17.Nd4 Bf7 18.Kf3 Nc5 19.Nb3 Na4 20.Rb1 c5 21.Nd5 Bxd5 22.exd5 c4
23.Na5 Nb6 24.Be3 Nxd5 25.Nxc4 b5 26.Nd2 Nxe3 27.Kxe3 Bc5+ 28.Kf3 f5 29.Nb3 Bb6
30.Rxd8+ Rxd8 31.Re1 a5 32.h3 Kb7 33.g4 a4 34.Nc1 Rd2 35.Re2 Rd1 36.Nd3 Bd4
37.gxf5 gxf5 38.Re7 Ra1 39.c3 Bb6 40.a3 Rf1+ 41.Ke2 Rh1 42.Rxh7 Rh2+ 43.Ke1 Kc6
44.Nb4+ Kc5 45.Rh5 Kc4 46.Rxf5 Rxb2 47.Re5 Kxc3 48.Rxb5 Kc4 49.Rg5 Rb3 50.f5
Rxa3 51.Rg4+ Kb5 52.Nd5 Rxh3 53.Kd2 Ba5+ 54.Kc2 Rh2+ 55.Kd3 Rd2+ 56.Ke4 c6
57.Nf4 a3 58.f6 a2 59.Rg1 Bb4 60.f7 Ka4 61.Nd3 Bf8 62.Kd4 Ka3 63.Kc3 {Diagram #}
Rxd3+ 64.Kxd3 Kb2 65.Rg2+ Kb3 66.Rg1 c5 67.Ra1 Kb2

[Event "9th EUROPEAN  INDIVIDUAL  WOME"]
[Site "Plovdiv, Bulgaria"]
[Date "2008.04.27"]
[Round "7"]
[Board "1"]
[White "Lomineishvili, Maia"]
[Black "Galojan, Lilit"]
[Result "1/2-1/2"]
[WhiteElo "2400"]
[BlackElo "2324"]
[PlyCount "75"]
[EventDate "2008.04.21"]
[EventRounds "11"]
[EventCountry "BUL"]

1.d4 Nf6 2.Nf3 e6 3.c4 d5 4.Nc3 Bb4 5.cxd5 exd5 6.Bg5 Nbd7 7.e3 c5 8.Bd3 Qa5
9.Qc2 c4 10.Bf5 O-O 11.O-O g6 12.Bh3 Re8 13.Nd2 Bxc3 14.bxc3 Ne4 15.Nxe4 dxe4
16.Bf4 Nb6 17.Bxc8 Raxc8 18.Rfb1 Nd5 19.Rxb7 Qxc3 20.Qxc3 Nxc3 21.Kf1 Nd5 22.Bd6
Rc6 23.Bc5 Ra6 24.a4 Re7 25.Rb8+ Kg7 26.a5 Rd7 27.Ke2 g5 28.g4 h5 29.gxh5 Kh6
30.h4 g4 31.Kd2 c3+ 32.Ke2 Kxh5 33.Rh8+ Kg6 34.Rg8+ Kh7 35.Rb8 Kh6 36.Rh8+ Kg7
37.Rb8 Kh6 38.Rh8+

[Event "9th EUROPEAN  INDIVIDUAL  WOME"]
[Site "Plovdiv, Bulgaria"]
[Date "2008.04.27"]
[Round "7"]
[Board "1"]
[White "Vasilevich, Irina"]
[Black "Mamedjarova, Zeinab"]
[Result "1/2-1/2"]
[WhiteElo "2395"]
[BlackElo "2322"]
[PlyCount "156"]
[EventDate "2008.04.21"]
[EventRounds "11"]
[EventCountry "BUL"]

1.c4 f5 2.g3 Nf6 3.Bg2 g6 4.b4 Bg7 5.Bb2 O-O 6.Nf3 d6 7.d4 c6 8.O-O Ne4 9.Qb3
Nd7 10.Nc3 Ndf6 11.a4 g5 12.Rad1 Qe8 13.Nxe4 Nxe4 14.Nd2 Nf6 15.b5 Bd7 16.e4
fxe4 17.Nxe4 Nxe4 18.Bxe4 Qf7 19.Bg2 a6 20.f4 axb5 21.axb5 gxf4 22.Rxf4 Qh5
23.Re4 Bf6 24.Rde1 Qf7 25.d5 cxb5 26.cxb5 Ra5 27.Bxf6 Qxf6 28.Rf4 Qg7 29.Rxf8+
Kxf8 30.Be4 Qd4+ 31.Kh1 Ra1 32.Qf3+ Ke8 33.Bb1 Bg4 34.Qg2 Qb4 35.Bg6+ hxg6
36.Rxa1 Qxb5 37.Rf1 Bf5 38.h3 Qd3 39.Re1 Qb5 40.Kh2 Qc4 41.g4 Bd3 42.Qf3 Qd4
43.Kg3 Bc4 44.Rd1 Qe5+ 45.Qf4 Qc3+ 46.Kh4 b5 47.Qd4 Qf3 48.Kg5 Qxh3 49.Ra1 Qh2
50.Kxg6 Ba2 51.g5 Bb1+ 52.Rxb1 Qc2+ 53.Kg7 Qxb1 54.Qc3 Kd8 55.Qa5+ Kd7 56.Qa7+
Kd8 57.Qa8+ Kd7 58.Qc6+ Kd8 59.g6 b4 60.Qb6+ Kd7 61.Qe3 b3 62.Qh3+ Kd8 63.Kf7 b2
64.g7 Qg1 65.Qh8+ Kc7 66.g8=Q Qxg8+ 67.Qxg8 b1=Q 68.Kxe7 Qe4+ 69.Qe6 Qh4+ 70.Ke8
Qh8+ 71.Ke7 Qh4+ 72.Kf8 Qh8+ 73.Qg8 Qh2 74.Qf7+ Kb6 75.Qd7 Kc5 76.Qc6+ Kd4
77.Ke7 Qe5+ 78.Kd7 Qxd5